01209 2200241 4500001002100000005001500021035002000036007000300056008004100059040001200100100002500112245005800137250001100195300002800206020002200234082001600256084002200272260003800294520056400332600001800896650004100914850001200955INLIS00000000069736320240605023556 a0010-0624000087ta240605 0 ind  aJIPUBAY0 aAddien Sjafar Qurnia1 aMonster kecil penghisap darah /cAddien Sjafar Qurnia aCet. 1 a54 hlm :bilus ;c21 cm a978-602-51820-7-5 a899.221 301 a899.221 301 ADD m aYogyakarta :bPustaka Anak,c2018 aKebersihan adalah sebagian dari iman. Rangkaian kalimat sarat makna ini tentu tidak asing di telinga kita. Kalimat tersebut pula yang memberi napas untuk tiap cerita dalam buku ini.Monster Kecil Penghisap Darah, merupakan kumpulan kisah yang mengambil tema tentang kebersihan. Menyajikan sepuluh cerita ringan yang sering ditemukan dalam kehidupan sehari-hari mengenai pentingnya kebersihan bagi anak. Tidak hanya kebersihan tubuh, tapi juga kebersihan hati dan lingkungan. Semoga kehadiran teman-teman kecil dalam buku ini memberikan manfaat bagi kita semua. 4aCerita pendek 4aFiksi Indonesia - Bacaan kanak-kanak aJIPUBAY